Odhalení /
Působivý krimithriller. Odhalení přináší odpovědi nastolené v předchozí knize Podezření. Vyšetřování šokující rodinné vraždy pokračuje...
Uloženo v:
| Série: | Podezření,
část 2 |
|---|---|
| Hlavní autor: | |
| Další autoři: | |
| Médium: | E-kniha |
| Jazyk: | Czech |
| Vydáno: |
Praha :
Euromedia Group,
2024
|
| Vydání: | Vydání první |
| Témata: | |
| On-line přístup: | Online verze |
| Příbuzné jednotky: | Z cyklu::
Podezření |
| Tagy: |
Žádné tagy |
| LEADER | 02727nam a2200517 i 4500 | ||
|---|---|---|---|
| 001 | 312215 | ||
| 003 | CZ PrSKC | ||
| 005 | 20260601215718.0 | ||
| 007 | ta | ||
| 008 | 240117s2024 xr g 000 f cze | ||
| 015 | |a cnb003548124 | ||
| 020 | |a 9788024295183 |q (brožováno) | ||
| 035 | |a (OCoLC)1425858754 | ||
| 040 | |a ABG001 |b cze |e rda | ||
| 041 | 1 | |a cze |h eng | |
| 072 | 7 | |a 821.111(73)-3 |x Americká próza |2 Konspekt | |
| 080 | |a 821.111(73)-31 |2 MRF | ||
| 080 | |a (0:82-312.4) |2 MRF | ||
| 100 | 1 | |a Labuskes, Brianna |7 xx0281258 |4 aut | |
| 240 | 1 | 0 | |a What can't be seen. |l Česky |
| 245 | 1 | 0 | |a Odhalení / |c Brianna Labuskes ; přeložil Pavel Pokorný |
| 250 | |a Vydání první | ||
| 264 | 1 | |a Praha : |b Euromedia Group, |c 2024 | |
| 300 | |a 340 stran ; |c 23 cm | ||
| 336 | |a text |b txt |2 rdacontent | ||
| 337 | |a bez média |b n |2 rdamedia | ||
| 338 | |a svazek |b nc |2 rdacarrier | ||
| 500 | |a "Vydala Euromedia Group, a.s., v edici Kalibr"--Tiráž | ||
| 500 | |a Přeloženo z angličtiny | ||
| 520 | 2 | |a Působivý krimithriller. Odhalení přináší odpovědi nastolené v předchozí knize Podezření. Vyšetřování šokující rodinné vraždy pokračuje... |b Psycholožka Gretchen Whiteová, konzultantka bostonské policie, žije od osmi let v přesvědčení, že zabila svou tetu. Našli ji s nožem v ruce nad tetiným bezvládným tělem, na všechny otázky odpovídala: Nepamatuju se. Spousta lidí včetně detektiva Patricka Shaughnessyho věří, že tahle sociopatka unikla trestu za vraždu. A že by se mohla znovu utrhnout ze řetězu. O třicet let později se Lauren Marconiová pokusí dokázat, že se její kolega Patrick mýlí. Pravdu o tom, co se té noci stalo, si však nikdo nedokázal ani představit... Nakladatelská anotace. | |
| 655 | 7 | |a americké romány |7 fd131796 |2 czenas | |
| 655 | 7 | |a detektivní romány |7 fd132010 |2 czenas | |
| 655 | 7 | |a thrillery (romány) |7 fd184206 |2 czenas | |
| 655 | 9 | |a American fiction |2 eczenas | |
| 655 | 9 | |a detective novels |2 eczenas | |
| 655 | 9 | |a thrillers (novels) |2 eczenas | |
| 700 | 1 | |a Pokorný, Pavel |7 xx0088443 |4 trl | |
| 787 | 0 | 8 | |i Z cyklu: |t Podezření |g 2 |
| 856 | 4 | 1 | |u https://www.bookport.cz/kniha/odhaleni-14723/ |y Online verze |4 N |
| 900 | |a ABA001 |b 20 | ||
| 928 | 9 | |a Euromedia Group - Kalibr | |
| 928 | 9 | |a Kalibr | |
| 044 | |a xr | ||
| 910 | |a RBIT002 | ||
| 998 | |d 393227 |a https://core.palmknihy.cz/api/books/393227/cover?s5jtwk |b https://core.palmknihy.cz/api/books/393227/cover/400?s5jtwk |c https://core.palmknihy.cz/api/books/393227/cover/50?s5jtwk |e 2027-12-12 |g 344 |i 9788024295183 |j https://core.palmknihy.cz/api/books/393227/preview.epub |l |q 49 |r 1 |s https://www.palmknihy.cz/kniha/393227 |t ebook |y 2023 |z 0 |v Podezření |w 2 | ||
| 999 | |d 312213 | ||